Kostra lengyelskej kultúry so stopami intencionálnych zásahov z Ružindola

Bibliographic Details
Main Author: Jakab, Július, 1948- (Author)
Format: Article
Language:Slovak
PhysicalDescription:Res. nem.
Subjects:

MARC

LEADER 00000nab a2200000 a 4500
001 vtls000487556
003 SK-MaSNL
005 20260303190424.0
008 230120c1992 xo 0 slo
015 |a SNBRA19rr/mm-uuuuu 
035 |a CL0487693 
035 |a urn:nbn:sk:snk-abby9 
035 |a (urnnbn)urn:nbn:sk:snk:ar-a04cxa 
035 |a (uuid)9c1cd38d-5f2d-42fd-b1e9-baaf28db78ba 
040 |a SNKBUCL  |b slo  |c SNKBUCL  |e AACR2 
041 0 |a slo 
044 |a xo  |c SK 
080 |a 903.5"636":902  |2 1981 
080 |a 902  |2 1981 
100 1 |a Jakab, Július,  |d 1948-  |4 aut  |9 102643 
245 1 0 |a Kostra lengyelskej kultúry so stopami intencionálnych zásahov z Ružindola  |c Július Jakab 
300 |b Res. nem. 
650 0 7 |a hroby kostrové  |2 snkbucl  |9 960147 
650 0 7 |a kostry ľudské  |2 snkbucl  |9 1014190 
650 0 7 |a lengyelská kultúra  |2 snkbucl  |9 73753 
650 0 7 |a archeologické nálezy  |2 snkbucl  |9 4975 
651 7 |a Ružindol (Slovensko)  |2 snkbucl  |9 115530 
655 7 |a články zo zborníkov  |2 snkbucl  |9 166140 
773 0 |t Archeologické výskumy a nálezy na Slovensku v roku 1990  |d Nitra : AÚ SAV v Nitre, 1992  |g S. 52-53 
850 |a Slovenská národná knižnica v Martine  |a MTA001 
852 |a SNK  |b KIS3GCP 
954 |a odborná, vedecká literatúra pôvodná (slovenská)  |2 lita 
957 |a 5211 
958 |a RK 
958 |a OND 
958 |a EUIPO 
958 |a article27 
992 |a RZB 
999 |c 2136185  |d 2138115